000 00470cam a22001337a 4500
008 180718b1966 xxu||||| |||| 00| 0 eng d
082 _aZ41x5433 G748
100 _aGoyal, S.K.
245 _aSome aspects of cooperative farming in India with special reference to the Punjab
_cby S.K. Goyal
260 _aBombay
_bAsia
_c1966
300 _a210p.
440 _aInstitute of Economic Growth Studies in Economic Growth; 9
650 _aAgriculture, Cooperative --India --Punjab
999 _c366671
_d366671